Conditions of membership and syllabus of examinations (Record no. 105178)

MARC details
000 -LEADER
fixed length control field 00561cam a2200181 4500
001 - CONTROL NUMBER
control field ##L132541
008 - FIXED-LENGTH DATA ELEMENTS--GENERAL INFORMATION
fixed length control field 060216n1953 000 0 eng u
035 ## - SYSTEM CONTROL NUMBER
System control number (Sirsi) u132541
041 0# - LANGUAGE CODE
Language code of text/sound track or separate title eng
050 04 - LIBRARY OF CONGRESS CALL NUMBER
Classification number 333.062 $2 18
110 2# - MAIN ENTRY--CORPORATE NAME
Corporate name or jurisdiction name as entry element Valuers Institution
245 00 - TITLE STATEMENT
Title Conditions of membership and syllabus of examinations
260 ## - PUBLICATION, DISTRIBUTION, ETC.
Place of publication, distribution, etc. [S.l.]
Name of publisher, distributor, etc. [s.n.]
Date of publication, distribution, etc. 1953
300 ## - PHYSICAL DESCRIPTION
Extent 21p.
Dimensions 22cm.+
Accompanying material supplement
520 ## - SUMMARY, ETC.
Summary, etc. Includes a supplement of the institution's code of conduct.
690 ## - LOCAL SUBJECT ADDED ENTRY--TOPICAL TERM (OCLC, RLIN)
Topical term or geographic name as entry element CAREERS, EDUCATION AND TRAINING-QUALIFICATION ROUTES
942 ## - ADDED ENTRY ELEMENTS (KOHA)
Suppress in OPAC 0
Holdings
Withdrawn status Lost status Source of classification or shelving scheme Damaged status Not for loan Home library Current library Shelving location Date acquired Total Checkouts Full call number Barcode Date last seen Copy number Price effective from Koha item type
    Dewey Decimal Classification     London London RICS Boxes 16/02/2006   ISVA/29 30071928 06/08/2019 1 06/08/2019 Reference material